Sur les rapports entre le calcul mécanique et le calcul graphique / (Record no. 166529)

MARC details
000 -LEADER
campo de control de longitud fija 00954nam a22002175i 4500
001 - NÚMERO DE CONTROL
campo de control 166529
003 - IDENTIFICADOR DE NÚMERO DE CONTROL
campo de control ES-MaACL
005 - FECHA Y HORA DE LA ÚLTIMA TRANSACCIÓN
campo de control 20250903005842.0
008 - DATOS DE LONGITUD FIJA--INFORMACIÓN GENERAL
campo de control de longitud fija 050915s1901 fr | |||||||| ||fre d
040 ## - FUENTE DE CATALOGACIÓN
Centro catalogador/agencia de origen CAM
Lengua de catalogación spa
Centro/agencia transcriptor CAM
100 1# - ENTRADA PRINCIPAL--NOMBRE DE PERSONA
Nombre de persona Torres Quevedo, Leonardo,
Fechas asociadas al nombre 1852-1936
9 (RLIN) 111002
245 10 - MENCIÓN DEL TÍTULO
Título Sur les rapports entre le calcul mécanique et le calcul graphique /
Mención de responsabilidad, etc. par L. Torres.
260 ## - PUBLICACIÓN, DISTRIBUCIÓN, ETC.
Lugar de publicación, distribución, etc. Paris :
Nombre del editor, distribuidor, etc. Société Mathématique de France,
Fecha de publicación, distribución, etc. [1901?] (
Fabricante Imprimerie Gauthier-Villars)
300 ## - DESCRIPCIÓN FÍSICA
Extensión 12 p. ;
Dimensiones 25 cm.
594 ## - Nota al título y mención de responsabilidad
Nota al título y mención de responsabilidad Tít. y autor constan al principio del texto, el resto de los datos tomados de la cub.
595 ## -
-- Extrait du Bulletin de la Société mathématique de France, T. XXIX, 1901.
650 #7 - PUNTO DE ACCESO ADICIONAL DE MATERIA--TÉRMINO DE MATERIA
Término de materia o nombre geográfico como elemento de entrada Cálculo
Fuente del encabezamiento o término embne
9 (RLIN) 10668
710 2# - ENTRADA AGREGADA--NOMBRE DE ENTIDAD CORPORATIVA
Nombre de entidad corporativa o nombre de jurisdicción como elemento de entrada Société Mathématique de France.
9 (RLIN) 134942
852 ## - LOCALIZACIÓN
Ubicación ES-MaACL
Número de control de estantería T-992-F-2
Nota libre -- Enc. hol., conservando la cub. original
-- -- Enc. en un vol. facticio
Holdings
Estatus retirado Estado de pérdida Estado de daño No para préstamo Colección Biblioteca de origen Biblioteca actual Ubicación en estantería Fecha de adquisición Fuente de adquisición Total de préstamos Signatura topográfica completa Código de barras Visto por última vez Precio de reemplazo Tipo de ítem Koha
        Colección de folletos Biblioteca del Ateneo de Madrid Biblioteca del Ateneo de Madrid Depósito folletos 17/01/2008     T-992-F-2 1174659 23/02/2023 23/02/2023 Folleto